Gender equity in junior and senior secondary education in Sub-Saharan Africa (Record no. 44353)

MARC details
000 -LEADER
fixed length control field 00770nam a2200193 a 4500
008 - FIXED-LENGTH DATA ELEMENTS--GENERAL INFORMATION
fixed length control field 081201s2008 ||||||||||||||||| || u
020 ## - INTERNATIONAL STANDARD BOOK NUMBER
International Standard Book Number 9780821375051
050 ## - LIBRARY OF CONGRESS CALL NUMBER
Classification number IBRD(08)WP
100 ## - MAIN ENTRY--PERSONAL NAME
Personal name Sutherland-Addy, Esi
245 10 - TITLE STATEMENT
Title Gender equity in junior and senior secondary education in Sub-Saharan Africa
260 ## - PUBLICATION, DISTRIBUTION, ETC.
Place of publication, distribution, etc. Washington, D.C.
Name of publisher, distributor, etc. World Bank
Date of publication, distribution, etc. 2008
300 ## - PHYSICAL DESCRIPTION
Extent xxiv, 63p. :ill
350 ## - PRICE (NR) (BK AM CF MU VM SE) [OBSOLETE]
Price 0.00
490 ## - SERIES STATEMENT
Series statement World Bank Working Papers
490 ## - SERIES STATEMENT
Volume/sequential designation Africa Human Development Series
650 ## - SUBJECT ADDED ENTRY--TOPICAL TERM
Topical term or geographic name entry element EDUCATION, SECONDARY--AFRICA, SUB-SAHARAN--GENDER ASPECTS
710 ## - ADDED ENTRY--CORPORATE NAME
Corporate name or jurisdiction name as entry element World Bank
995 ## - RECOMMENDATION 995 [LOCAL, UNIMARC FRANCE]
-- 0.00
-- CBU-MAIN LIBRARY (Kitwe)
-- 1
-- 0.00
-- 1
-- AVAILABLE
-- Dec 9, 2008
-- International Publications
Holdings
Withdrawn status Lost status Source of classification or shelving scheme Damaged status Not for loan Home library Current library Shelving location Date acquired Total Checkouts Full call number Barcode Date last seen Price effective from Koha item type
          CBU-MAIN LIBRARY, KITWE. CBU-MAIN LIBRARY, KITWE.   11/30/2022   IBRD(08)WP 9780821375051 11/30/2022 11/30/2022 MONOGRAPH